00352 2200157 4500001002100000005001500021035002000036245003600056100001800092300000800110260003000118082000800148084001400156990001200170990001200182INLIS00000000000193620250522083126 a0010-05250002281 aLaskar Pelangi /cAndrea Hirata0 aAndrea Hirata a534 aJakarta :bBintang,c2008 a813 a813 AND l a0713456 a0755567